00928nam a2200265 i 4500003000900000005001700009007000300026008004100029020001800070040003000088082002200118110003200140240001800172245009100190264004500281300002500326336002700351337003300378338003100411590002700442910001400469942001400483952014800497999001700645DO-SdBNP20250314085828.0ta250314s2011 dr r 000 0 spa d a9789945877236 aDO-SdBNPbspacBNPHUerda axxxxbR426L, 2221 aRepública Dominicana944710a[Leyes, etc.]10aLey núm. 28-11, orgánica del Consejo del Poder Judicial : bdel 20 de enero 2011 / 1aSanto Domingo :bPoder Judicial, c2011. a64 páginasc21 cm. atextobtxt2rdacontent asin mediaciónbn2rdamedia ardacarrierbnc2rdacarrier aInventariado, 2025/ YL aYLockward 2ddccLBS1 00102ddc51708PDaBNPHUbBNPHUcCTd2021-03-24eDonado por Julián Amarol0oBNPHU PD xxxx R426L, p2025-1862r2025-03-14w2025-03-14yLBS1 c58422d58422